000 00789nam a2200373Ia 4500
001 5704
008 191123s9999 xx 000 0 und d
041 _aspa
044 _aag
100 _aDorfles, Gillo,
260 _aBuenos Aires :
_bNueva Visión,
_c1958.
300 _a211 p.
_c20 cm
650 _aARQUITECTURA
650 _aARTE
650 _aCINE
650 _aDANZA
650 _aESCULTURA
650 _aESTETICA
650 _aMUSICA
650 _aPINTURA
650 _aPROPORCION
650 _aRITMO
650 _aTEATRO
902 _aM
903 _am
904 _am
907 _aImpreso
911 _a20 cm
912 _a1958
942 _cLIBRO
999 _c4069
_d4069
490 0 _aConstantes técnicas de las artes.
245 0 _aArte y Estética